Paroles - Nekfeu - A la base - Statistiques

Statistiques générales
  • Ce quiz a été pris 77 fois
  • Le résultat moyen est 419 sur 832
Statistiques - réponses
Paroles % Correct
A
100%
à
100%
B
100%
base
100%
base,
100%
base ?
100%
basse
100%
la
100%
100%
je
98%
Je
98%
de
93%
m'a
90%
ma
90%
pas
90%
pas,
90%
avec
88%
Avec
88%
ça
88%
ça,
88%
Co'
88%
et
88%
Et
88%
85%
ou
85%
jour
83%
le
83%
Le
83%
y
83%
chambre
80%
des
80%
Des
80%
J'ai
80%
j'ai
80%
j'suis
80%
J'suis
80%
Mais
80%
mais
80%
prod',
80%
prod
80%
sa
80%
un
80%
Un
80%
en
78%
me
78%
que
78%
Que
78%
sort
78%
violent
78%
y'a
78%
Y'a
78%
Alors
76%
ce
76%
jours
76%
sorti
76%
te
76%
Tu
76%
tu
76%
Du
73%
du
73%
est
73%
frapper
73%
mis
73%
prochain
73%
une
73%
il
71%
Il
71%
rage
71%
j'croise
68%
mon
68%
son
68%
Son
68%
demandé
66%
d'un
66%
l'envie
66%
qui
66%
sur
66%
C'est
63%
c'est
63%
contact
63%
faux
63%
mec
63%
se
63%
cause
61%
coup
61%
dans
61%
Dans
61%
gauche
61%
les
61%
Les
61%
photo
61%
porte
61%
coupé
59%
déborde
59%
droite
59%
fait,
59%
fait
59%
juste
59%
Juste
59%
mort
59%
quand
59%
tout
59%
voulait
59%
chemin
56%
haine
56%
j'squatte
56%
l'oreille
56%
sais
56%
suis
56%
tromper
56%
vois ?
56%
vois
56%
combats
54%
femme
54%
force
54%
forcément
54%
genre
54%
histoire
54%
j'avais
54%
L'écouteur
54%
l'instru
54%
monde
54%
on
54%
t'à
54%
ta
54%
victimes,
54%
d'histoire
51%
question
51%
tieks,
51%
bref
49%
l'histoire
49%
pote
49%
qu'on
49%
tire
49%
vienne
49%
gratté
46%
m'aider
46%
meilleur
46%
rentre
46%
voit
46%
aussi
44%
depuis
44%
dis
44%
fois
44%
m'disant
44%
passé
44%
quoi
44%
raconter
44%
toute
44%
cycles
41%
dernière
41%
faire
41%
j'marche
41%
plains
41%
pour
41%
Pour
41%
puis
41%
s'est
41%
verra
41%
elle
39%
Elle
39%
ensemble
39%
j'me
39%
J'me
39%
mal
39%
ni
39%
par
39%
plus
39%
avait
37%
envie
37%
J'étais
37%
l'album
37%
leur
37%
même
37%
Même
37%
essayé
34%
gars
34%
mes
34%
Mes
34%
va
34%
Agnès
32%
demander
32%
droits,
32%
maintenant
32%
réfléchir
32%
train
32%
compte
29%
dealeur
29%
faudrait
29%
Faudrait
29%
Non
29%
non
29%
problèmes
29%
rends
29%
si
29%
Si,
29%
si,
29%
cas
27%
complexe
27%
faut
27%
inspi
27%
l'autre
27%
man,
27%
penser
27%
rime
27%
sample,
27%
S-Crew,
27%
truc
27%
Y'avait
27%
aime,
24%
besoin
24%
corn
24%
côté
24%
était
24%
lui
24%
moi
24%
nessbi,
24%
nessbi
24%
nous
24%
propre
24%
Quelques
24%
sont
24%
tienne
24%
boite
22%
comme
22%
corbeaux
22%
filature,
22%
mannequin
22%
mieux,
22%
ouais
22%
Ouais,
22%
Ouais
22%
pourvu
22%
respect
22%
rien
22%
rimes
22%
t'as
22%
tiède
22%
toujours
22%
vient
22%
ville
22%
attendre
20%
changer
20%
Demain
20%
devant
20%
Diabi
20%
équilibre
20%
filles
20%
flics
20%
l'Entourage
20%
qu'ça
20%
s'éteindre
20%
soleil
20%
bien
17%
course
17%
d'inspi',
17%
file
17%
filin
17%
fils,
17%
flakes
17%
hésite
17%
indienne
17%
J'essaie
17%
J'gère
17%
J'voulais
17%
l'interro
17%
m'as
17%
pendant
17%
re-voilà
17%
tête,
17%
vies,
17%
vis
17%
vu
17%
Ah
15%
biff'
15%
bouffée
15%
ceux
15%
chauffé
15%
cheville
15%
connaissent
15%
D'ailleurs
15%
Flashback
15%
fous
15%
Ils
15%
J'disais
15%
j'dise
15%
j'essaye
15%
j'parlais
15%
j'rappais
15%
m'interrompre
15%
nom
15%
nos
15%
parler
15%
pétasse
15%
potes
15%
Prends
15%
procès,
15%
temps
15%
Viens
15%
villas,
15%
Abou
12%
bracelet
12%
chaud,
12%
chier,
12%
collègues
12%
concentrer
12%
dette
12%
important
12%
J'vais
12%
j'veux
12%
kho ?
12%
kho
12%
latina
12%
L'état
12%
manque
12%
mif,
12%
nuit,
12%
ont
12%
pareil
12%
passage
12%
poursuite
12%
restes
12%
Seine
12%
serait
12%
t'aide
12%
taquine
12%
toi
12%
toi,
12%
Vas-y
12%
Zoo
12%
actrices
10%
authentifie
10%
barres
10%
che-fraî
10%
citer
10%
comprends
10%
Cool
10%
d'jà
10%
d'une
10%
électronique
10%
entre
10%
fais
10%
jets,
10%
j'mette
10%
laisse
10%
lame,
10%
leurs
10%
longtemps
10%
magnésium
10%
met
10%
N'essaie
10%
piéton
10%
P.O.S
10%
pue
10%
QG
10%
réfugié
10%
rêver
10%
tes
10%
t'es
10%
tranquille,
10%
accoster
7%
amnésie
7%
Attends,
7%
chaque
7%
codes
7%
connaît
7%
côtoie
7%
Crew
7%
d'aérer
7%
entendu
7%
état
7%
eux
7%
Galérer,
7%
gêne
7%
gné-si
7%
jeunes
7%
J'repars
7%
L'impression
7%
Lyricalchimie
7%
montagne
7%
n'envie
7%
ouf,
7%
provoque
7%
qu'j'change
7%
tous
7%
veut
7%
vide
7%
voir
7%
appellerai
5%
aucune
5%
avants-bras
5%
bah
5%
celle-là
5%
collec'
5%
d'conscience
5%
déboule,
5%
deuspi
5%
dièses,
5%
fuck
5%
inachevé
5%
j'les
5%
J'lève
5%
j'm'en
5%
jouant
5%
lamentable
5%
l'avantage
5%
l'heure
5%
ma-né-ci
5%
mentale,
5%
qu'ils
5%
rêves
5%
soin
5%
Tain
5%
tester
5%
traces
5%
voles
5%
Boulevard
2%
boulevard
2%
chaude
2%
concurrence
2%
dedans
2%
demeuré
2%
diable
2%
diète
2%
enfants
2%
Epicure,
2%
figé,
2%
fond
2%
fuit
2%
J'arrive
2%
Jusqu'à
2%
kis-dé
2%
l'avant-garde
2%
l'avocat
2%
l'honoraire
2%
lumineux
2%
moins
2%
niquent
2%
Panneaux
2%
piqûres
2%
rapportera
2%
reconnais
2%
silhouettes
2%
souffler
2%
tag
2%
tapent
2%
vends
2%
vilaines
2%
Wesh,
2%
yes
2%
bent-tom
0%
défendent
0%
hein
0%
j'répondre
0%
j'ressors
0%
l'écrire,
0%
l'infini
0%
niaiser,
0%
OK ?
0%
partent,
0%
s'détachent
0%
Souvent,
0%
Aucun quiz correspondant
Distribution des résultats
% des personnes avec chaque résultat
Percentile par nombre de réponses
Votre historique - résultats
Vous n’avez pas pris ce quiz